| 000 | 01096cam a22002895a 4500 | ||
|---|---|---|---|
| 001 | L159635 | ||
| 005 | 20250828161134.0 | ||
| 008 | 171130s201 xxk f 001 0 eng d | ||
| 020 | _a9781315107660 | ||
| 035 | _a(Sirsi) u159635 | ||
| 041 | 0 | _aeng | |
| 110 | 2 | _aAECOM | |
| 245 | 0 | 0 |
_aSpon's mechanical and electrical services price book _b2018 |
| 250 | _a49th edition | ||
| 260 |
_aLondon _bCRC Press _bTaylor and Francis _c2017 |
||
| 520 | _aProvides costings for mechanical and electrical services inccluding material costs, measured work prices, labour and daywork rates. Engineerig features include Building Information Modelling (BIM), Building Management Systems (BMS), Renewable energy, RICS Ska Rating, Aggregates Levy and VAT. | ||
| 520 | _aSupersedes 48th ed (ISBN 9781489786164) | ||
| 521 | _aAdvanced | ||
| 590 | _aKA | ||
| 650 | 2 | 4 | _aMECHANICAL ENGINEERING |
| 650 | 2 | 4 | _aELECTRICAL ENGINEERING |
| 651 | 4 | _aUnited Kingdom | |
| 690 |
_aCost management _96233 |
||
| 690 |
_aConstruction management _96230 |
||
| 856 | 4 | 8 | _uhttps://www.vlebooks.com/ |
| 942 |
_n0 _2ddc |
||
| 999 |
_c116066 _d116066 |
||